[Event "VII Weekend B"]
[Site "Padova ITA"]
[Date "2004.12.11"]
[Round "1"]
[White "Cipolotti, Piersilvio"]
[Black "Baldi, Giancarlo"]
[Result "1-0"]
[WhiteElo "1679"]
[BlackElo "1853"]
[PlyCount "97"]
[EventDate "2004.12.11"]

1. Nf3 Nf6 2. g3 g6 3. Bg2 Bg7 4. O-O O-O 5. d3 d5 6. Nbd2 Nc6 7. e4 d4 8. h3
Nd7 9. Nh4 e5 10. a3 Nb6 11. Qe1 Ne7 12. f4 f5 13. fxe5 fxe4 14. Rxf8+ Kxf8 15.
Qxe4 Nc6 16. Ndf3 Kg8 17. Bf4 Be6 18. Nxg6 hxg6 19. Qxg6 Qe8 20. Qg5 Qf7 21. h4
Nd7 22. h5 Qf5 23. h6 Qxg5 24. Nxg5 Bxe5 25. Bxe5 Ncxe5 26. Nxe6 c5 27. Bxb7
Rb8 28. Be4 Rxb2 29. h7+ Kh8 30. Rf1 Rxc2 31. Nf8 Re2 32. Ng6+ Nxg6 33. Bxg6
Re3 34. Kg2 Re7 35. Rb1 Re2+ 36. Kh3 Re6 37. Bf5 Rh6+ 38. Kg2 Rb6 39. Rxb6 Nxb6
40. g4 Nd5 41. Kf3 Ne3 42. Be4 c4 43. dxc4 Nxc4 44. Ke2 a6 45. g5 Nxa3 46. Bd3
a5 47. g6 a4 48. Kd2 Kg7 49. Kc1 1-0

[Event "VII Weekend B"]
[Site "Padova ITA"]
[Date "2004.12.11"]
[Round "1"]
[White "Demiraj, Rumi"]
[Black "Gualazzi, Paolo"]
[Result "0-1"]
[WhiteElo "1910"]
[BlackElo "1697"]
[PlyCount "75"]
[EventDate "2004.12.11"]

1. Nf3 Nf6 2. c4 g6 3. Nc3 Bg7 4. d4 O-O 5. e4 d6 6. Be2 e5 7. O-O Nc6 8. d5
Ne7 9. Kh1 Ne8 10. Ne1 f5 11. g3 f4 12. g4 g5 13. b4 Ng6 14. f3 Rf7 15. Bd2 Bf8
16. Ng2 h6 17. Be1 Rh7 18. Bf2 h5 19. Rg1 hxg4 20. fxg4 Rh3 21. Bf3 Qe7 22. Ne1
Qh7 23. Rg2 Nf6 24. Rc1 a6 25. a4 Nh4 26. Bxh4 Qxh4 27. Kg1 Bd7 28. Qe2 Kf7 29.
Nd1 Qh7 30. Nf2 Rh4 31. a5 Be7 32. h3 Rh8 33. Rc2 Bd8 34. c5 Bb5 35. Qd2 Rxh3
36. Nxh3 Qxh3 37. Be2 Qh1+ 38. Kf2 0-1

[Event "VII Weekend B"]
[Site "Padova ITA"]
[Date "2004.12.11"]
[Round "1"]
[White "Giordan, Daniele"]
[Black "Frascati, Francesco"]
[Result "1-0"]
[WhiteElo "1729"]
[BlackElo "1502"]
[PlyCount "81"]
[EventDate "2004.12.11"]

1. e4 e5 2. Nf3 d6 3. d4 exd4 4. Qxd4 Nc6 5. Bb5 Bd7 6. Bxc6 Bxc6 7. Nc3 Nf6 8.
Bg5 Be7 9. O-O-O O-O 10. e5 dxe5 11. Qxe5 Bd6 12. Qd4 Re8 13. Qh4 h6 14. Bxf6
Qxf6 15. Qxf6 gxf6 16. Nd4 Bd7 17. g3 Rad8 18. a3 a6 19. f4 Bg4 20. Rde1 Bc5
21. Rxe8+ Rxe8 22. Nb3 Be3+ 23. Kb1 Bb6 24. Nd5 Kg7 25. Nxb6 cxb6 26. Nd4 Re4
27. c3 Re3 28. Kc2 Kg6 29. Kd2 Re8 30. Re1 Rxe1 31. Kxe1 f5 32. Kd2 Kf6 33. Nc2
Ke6 34. Kd3 Kd6 35. Kd4 h5 36. Ne3 Bh3 37. Nc4+ Kc6 38. Ne5+ Kb5 39. b3 f6 40.
a4+ Ka5 41. Nc4# 1-0

[Event "VII Weekend B"]
[Site "Padova ITA"]
[Date "2004.12.11"]
[Round "1"]
[White "Jimchi, Abdelaziz"]
[Black "Solinas, Roberto"]
[Result "1-0"]
[WhiteElo "1820"]
[BlackElo "1652"]
[PlyCount "81"]
[EventDate "2004.12.11"]

1. Nf3 d5 2. g3 Nf6 3. Bg2 c6 4. O-O Nbd7 5. d3 e5 6. Nbd2 Bd6 7. e4 O-O 8.
exd5 cxd5 9. d4 e4 10. Ne1 b5 11. c3 Nb6 12. Nc2 Bg4 13. Qe1 Qd7 14. Ne3 Bh3
15. Qe2 Bxg2 16. Kxg2 Nc4 17. Nb3 a5 18. Nc5 Bxc5 19. dxc5 Rac8 20. b4 axb4 21.
cxb4 Nxe3+ 22. Bxe3 d4 23. Bg5 Qg4 24. Qxg4 Nxg4 25. Bf4 f5 26. Rfd1 d3 27. h3
Nf6 28. a4 Nd5 29. Bd6 Rfe8 30. axb5 Nc3 31. Rdc1 Nxb5 32. Bf4 Nd4 33. Rcb1 Ra8
34. Rxa8 Rxa8 35. b5 Ra2 36. c6 d2 37. c7 Rc2 38. b6 Ne6 39. b7 Nxf4+ 40. gxf4
Kf7 41. c8=Q 1-0

[Event "VII Weekend B"]
[Site "Padova ITA"]
[Date "2004.12.11"]
[Round "1"]
[White "Maniero, Andrea"]
[Black "Maniero, Riccardo"]
[Result "1-0"]
[WhiteElo "1691"]
[BlackElo "1862"]
[PlyCount "63"]
[EventDate "2004.12.11"]

1. e4 Nc6 2. Nc3 e5 3. g3 Nf6 4. Bg2 Bc5 5. Nge2 O-O 6. O-O d6 7. Na4 Bb6 8. d3
Be6 9. Nxb6 axb6 10. f4 exf4 11. gxf4 Bg4 12. h3 Bh5 13. Bf3 Bxf3 14. Rxf3 Nh5
15. Ng3 Nxg3 16. Rxg3 Qh4 17. Kh2 f5 18. Qg1 Qf6 19. Rg5 Ne7 20. Be3 c5 21. c3
Rf7 22. Qg2 Qe6 23. b3 Rb8 24. Rg1 Ng6 25. Bf2 fxe4 26. h4 Kf8 27. Bg3 h6 28.
f5 Qe7 29. Rxg6 Rf6 30. Rxf6+ gxf6 31. dxe4 Rd8 32. Bf4 1-0

[Event "VII Weekend B"]
[Site "Padova ITA"]
[Date "2004.12.11"]
[Round "1"]
[White "Palumbo, Giuseppe"]
[Black "Favero, Graziano"]
[Result "1/2-1/2"]
[WhiteElo "1652"]
[BlackElo "1817"]
[PlyCount "146"]
[EventDate "2004.12.11"]

1. e4 d6 2. d4 Nf6 3. Bd3 g6 4. c4 Bg7 5. Nc3 O-O 6. Nge2 Nc6 7. a3 e5 8. d5
Ne7 9. f3 c6 10. Be3 b5 11. b3 a6 12. Qd2 cxd5 13. cxd5 Bb7 14. O-O Nd7 15.
Rac1 f5 16. Rc2 f4 17. Bf2 g5 18. Rfc1 Nf6 19. Na2 g4 20. Rc7 Bc8 21. Bh4 Ng6
22. Bf2 gxf3 23. gxf3 Bh3 24. Qe1 Ne8 25. Rxg7+ Kxg7 26. Kh1 Qg5 27. Qg1 h6 28.
Nb4 Bd7 29. Nc6 Qxg1+ 30. Kxg1 Kf7 31. Bb6 Nh4 32. Kf2 Rg8 33. Rg1 Rxg1 34.
Nxg1 Bxc6 35. dxc6 Rc8 36. a4 bxa4 37. bxa4 Rxc6 38. Bd8 Nf6 39. a5 Ng6 40. Bb6
Nd7 41. Ba7 Ngf8 42. Ne2 Ne6 43. h3 Ke7 44. Kg2 Nd8 45. h4 Nb7 46. Kh3 Nxa5 47.
Kg4 Nf6+ 48. Kf5 Kf7 49. Bb1 Nb7 50. Ba2+ Kg7 51. Bb3 Nc5 52. Bd1 Nd3 53. Ba4
Rc7 54. Bb8 Rc4 55. Bd1 Ne8 56. Ke6 Kf8 57. h5 Nc5+ 58. Kf5 a5 59. Ba7 Rb4 60.
Nc3 Rb7 61. Bxc5 dxc5 62. Kxe5 Ng7 63. Kxf4 Nxh5+ 64. Kg4 Nf6+ 65. Kf5 Kg7 66.
e5 Ne8 67. e6 Kf8 68. f4 Ke7 69. Nd5+ Kd6 70. Bf3 Ng7+ 71. Kf6 Nxe6 72. f5 Nd4
73. Bg2 73... a4 {...} 1/2-1/2

[Event "VII Weekend B"]
[Site "Padova ITA"]
[Date "2004.12.11"]
[Round "1"]
[White "Pomaro, Alberto"]
[Black "Castellano, Alfonso"]
[Result "1/2-1/2"]
[WhiteElo "1697"]
[BlackElo "1881"]
[PlyCount "74"]
[EventDate "2004.12.11"]

1. d4 Nf6 2. c4 g6 3. Nc3 Bg7 4. e4 d6 5. Nf3 O-O 6. Be2 e5 7. Bg5 h6 8. Bxf6
Qxf6 9. dxe5 dxe5 10. Nd5 Qd8 11. O-O Na6 12. Nc3 Be6 13. Qxd8 Raxd8 14. Rfd1
f5 15. Rd2 Rxd2 16. Nxd2 Rd8 17. Nf1 Nc5 18. f3 c6 19. b3 Bf8 20. Rd1 Rd4 21.
Ng3 Be7 22. Nh1 Bg5 23. Nf2 a5 24. Nd3 Be3+ 25. Kf1 Nd7 26. Ne1 Kf7 27. Nc2
Rxd1+ 28. Bxd1 Bd2 29. Nb1 Bf4 30. g3 Bg5 31. Nc3 Nc5 32. Ke2 Bc1 33. Ne1 fxe4
34. Nxe4 Nxe4 35. fxe4 Bg4+ 36. Nf3 Ke6 37. Kd3 Bh3 1/2-1/2

[Event "VII Weekend B"]
[Site "Padova ITA"]
[Date "2004.12.11"]
[Round "1"]
[White "Porta, Federico"]
[Black "Borgato, Alessandro"]
[Result "1-0"]
[WhiteElo "1799"]
[BlackElo "1625"]
[PlyCount "41"]
[EventDate "2004.12.11"]

1. d4 d5 2. Bf4 Nc6 3. e3 Nf6 4. Nf3 e6 5. Nbd2 Be7 6. c3 Ne4 7. Bd3 f5 8. h3
Bh4 9. Nxh4 Qxh4 10. O-O g5 11. Bxc7 Rg8 12. f3 Nf6 13. Qe1 Qh5 14. Be2 Qh6 15.
Qf2 Rg7 16. Bd6 Bd7 17. b4 Kf7 18. e4 g4 19. fxg4 Qxd2 20. gxf5 exf5 21. Bh5+
1-0

[Event "VII Weekend B"]
[Site "Padova ITA"]
[Date "2004.12.11"]
[Round "1"]
[White "Quaranta, Gaetano"]
[Black "Ungaro, Olindo"]
[Result "0-1"]
[WhiteElo "1700"]
[BlackElo "1999"]
[PlyCount "117"]
[EventDate "2004.12.11"]

1. c4 e5 2. e4 Bc5 3. Nf3 Nc6 4. Nc3 d6 5. Na4 Nf6 6. Nxc5 dxc5 7. d3 Nd7 8.
Be2 Nf8 9. Be3 Ne6 10. O-O O-O 11. Qd2 Qe7 12. a4 a5 13. Ng5 Ned4 14. Qd1 f6
15. Nf3 Nxf3+ 16. Bxf3 Be6 17. Bg4 Bxg4 18. Qxg4 Rfd8 19. Rfd1 Nb4 20. Qe2 b6
21. f4 Rd6 22. fxe5 fxe5 23. Bf2 Rad8 24. Ra3 Qg5 25. Be1 Nc6 26. Bf2 Qg6 27.
Raa1 Nb4 28. Ra3 Qe8 29. Bg3 R8d7 30. Rd2 Nc6 31. Bf2 Qd8 32. Bg3 Rd4 33. Rc3
Qg5 34. b3 R4d6 35. Bf2 Nb4 36. Bg3 h5 37. Bf2 g6 38. h4 Qd8 39. Bg3 Nc6 40.
Qe3 Kg7 41. Qe2 Qf6 42. Qf2 Qe6 43. Qe3 Qg4 44. Rc1 Rf6 45. Rf1 Rdf7 46. Rxf6
Rxf6 47. Qe1 Qd7 48. Qe3 Qf7 49. Qg5 Rf1+ 50. Kh2 Qf6 51. Qxf6+ Kxf6 52. Bf2
Rb1 53. Be3 Rxb3 54. Bg5+ Kg7 55. Kg3 Nd4 56. Kf2 Ne6 57. Be3 Ra3 58. Ke2 Rxa4
59. Bf2 {...} 0-1

[Event "VII Weekend B"]
[Site "Padova ITA"]
[Date "2004.12.11"]
[Round "1"]
[White "Rigo, Caterina"]
[Black "Nagliati, Paolo"]
[Result "0-1"]
[WhiteElo "1667"]
[BlackElo "1829"]
[PlyCount "108"]
[EventDate "2004.12.11"]

1. e4 d5 2. exd5 Nf6 3. Nc3 Nxd5 4. Nxd5 Qxd5 5. Nf3 Nc6 6. h3 e5 7. b3 Bf5 8.
Bc4 Qe4+ 9. Qe2 f6 10. c3 Qxe2+ 11. Bxe2 e4 12. Nh2 Ne5 13. O-O O-O-O 14. f3
Nd3 15. Bxd3 Rxd3 16. Re1 Bc5+ 17. Kh1 exf3 18. Nxf3 Bxh3 19. Re4 Bf5 20. Rf4
Bd7 21. Ne1 Rd5 22. Nf3 Rh5+ 23. Rh4 Rxh4+ 24. Nxh4 Bf2 25. Nf3 Bc6 26. d4 Re8
27. Bd2 Re2 28. Rd1 Be4 29. Bf4 Bxf3 30. gxf3 Rxa2 31. Rd2 Rxd2 32. Bxd2 Bg3
33. f4 f5 34. Kg2 Bh4 35. c4 Bf6 36. d5 Kd7 37. Be3 b6 38. Kf3 Kd6 39. Bf2 a6
40. b4 Bc3 41. Kg3 Bxb4 42. Bd4 g6 43. Kh4 h6 44. Bg7 Be1+ 45. Kh3 g5 46. Bxh6
g4+ 47. Kg2 Kc5 48. Kf1 Ba5 49. Bg7 Kxc4 50. Be5 Kxd5 51. Bxc7 Ke4 52. Kg2 Ke3
53. Kg3 Be1+ 54. Kg2 b5 0-1

[Event "VII Weekend B"]
[Site "Padova ITA"]
[Date "2004.12.11"]
[Round "1"]
[White "Temporin, Alberto"]
[Black "Valentini, Paola"]
[Result "1-0"]
[WhiteElo "1580"]
[BlackElo "1787"]
[PlyCount "109"]
[EventDate "2004.12.11"]

1. e4 c6 2. Nf3 Nf6 3. Nc3 d5 4. exd5 Nxd5 5. Nxd5 Qxd5 6. d4 Bg4 7. Be2 Nd7 8.
Be3 e6 9. O-O Bd6 10. c4 Qh5 11. g3 Nf6 12. Re1 O-O 13. Ng5 Bxe2 14. Qxe2 Qg6
15. Nf3 Qf5 16. Bg5 Be7 17. Kg2 h6 18. Bf4 Nh5 19. Bd2 Nf6 20. Nh4 Qh7 21. Rad1
Rad8 22. Bc3 Nd7 23. Nf3 Bf6 24. d5 Bxc3 25. bxc3 cxd5 26. cxd5 exd5 27. Rxd5
Nf6 28. Rxd8 Rxd8 29. Qe7 Qd3 30. Qxb7 Qxc3 31. Re7 Qc4 32. Qxa7 Rd1 33. Re1
Rxe1 34. Nxe1 Qd5+ 35. Kg1 Ng4 36. Qb8+ Kh7 37. Qb3 Qd2 38. Qd3+ Qxd3 39. Nxd3
Nf6 40. Nc5 Nd5 41. a4 Kg6 42. Kf1 Kf6 43. Ke2 Ke5 44. Kd3 f5 45. Kc4 g5 46. a5
Kd6 47. Nb7+ Kc6 48. Nd8+ Kd6 49. Nf7+ Ke6 50. Nxh6 Nc7 51. Kc5 Kf6 52. Kc6 Na6
53. Kd6 Kg6 54. Ng8 g4 55. Ke5 1-0

[Event "VII Weekend B"]
[Site "Padova ITA"]
[Date "2004.12.11"]
[Round "1"]
[White "Tomio, Dante"]
[Black "Colusso, Enrico"]
[Result "1/2-1/2"]
[WhiteElo "1876"]
[BlackElo "1691"]
[PlyCount "64"]
[EventDate "2004.12.11"]

1. d4 Nf6 2. Nf3 d5 3. Bg5 Ne4 4. Bf4 c5 5. e3 Nc6 6. c3 e6 7. Bd3 Nf6 8. Nbd2
Nh5 9. Bg3 Nxg3 10. hxg3 g6 11. Qe2 Qb6 12. Rb1 Bg7 13. Rh4 Bd7 14. dxc5 Qxc5
15. Nb3 Qe7 16. e4 dxe4 17. Bxe4 Rb8 18. Rd1 f5 19. Bxc6 Bxc6 20. Ne5 Rc8 21.
Nd4 Bxe5 22. Qxe5 Kf7 23. Nxc6 bxc6 24. Rhd4 Rhd8 25. Qe3 a5 26. Rxd8 Rxd8 27.
Rxd8 Qxd8 28. Qa7+ Kg8 29. Qb7 Qd5 30. Qa8+ Kg7 31. Qa7+ Kg8 32. Qb8+ Kg7
1/2-1/2

[Event "VII Weekend B"]
[Site "Padova ITA"]
[Date "2004.12.11"]
[Round "1"]
[White "Zangrando, Gianpietro"]
[Black "Di Cerbo, Giulia"]
[Result "1-0"]
[WhiteElo "1846"]
[BlackElo "1676"]
[PlyCount "98"]
[EventDate "2004.12.11"]

1. Nf3 e6 2. g3 d5 3. Bg2 Nf6 4. c4 c6 5. b3 Nbd7 6. Bb2 Bc5 7. O-O O-O 8. d4
Bb6 9. Nc3 Re8 10. c5 Bc7 11. b4 e5 12. e3 exd4 13. exd4 Ne4 14. Nxe4 dxe4 15.
Ne5 Nxe5 16. dxe5 Qxd1 17. Raxd1 Bg4 18. Rde1 Bxe5 19. Bxe5 Rxe5 20. f3 Bd7 21.
f4 Re7 22. Rxe4 Rxe4 23. Bxe4 Re8 24. Bf3 Be6 25. Rd1 g6 26. Kf2 Kg7 27. Rd2 h6
28. b5 Rc8 29. bxc6 bxc6 30. a3 Rc7 31. Rd6 Bd7 32. Ke3 a5 33. Kd4 Kf8 34. g4
Ke7 35. h4 Kf8 36. h5 gxh5 37. gxh5 Kg7 38. Ke5 Be8 39. Kd4 Rd7 40. Rxd7 Bxd7
41. Ke5 Be8 42. Kd6 f6 43. Ke7 Bf7 44. Kd6 Kf8 45. Kxc6 Be8+ 46. Kd6 Kg7 47. c6
Bxc6 48. Kxc6 Kf7 49. Kd6 49... Kg7 {...} 1-0

[Event "VII Weekend B"]
[Site "Padova ITA"]
[Date "2004.12.11"]
[Round "1"]
[White "Zanirato, Stefano"]
[Black "Scandiuzzi, Roberto"]
[Result "1-0"]
[WhiteElo "1786"]
[BlackElo "1560"]
[PlyCount "69"]
[EventDate "2004.12.11"]

1. Nf3 Nf6 2. d3 e6 3. e4 d6 4. c3 e5 5. Be2 h6 6. O-O Nc6 7. b4 Be7 8. b5 Na5
9. c4 b6 10. Bd2 Nb7 11. Nc3 O-O 12. a4 a5 13. bxa6 Na5 14. d4 Bxa6 15. dxe5
dxe5 16. Nxe5 Bb7 17. Qc2 Nd7 18. Nxd7 Qxd7 19. Nd5 Bxd5 20. cxd5 Bf6 21. Rac1
Ra7 22. Bb5 Qe7 23. Be3 Be5 24. f4 Bd6 25. e5 Bc5 26. Bxc5 bxc5 27. Qxc5 Qxc5+
28. Rxc5 Nb3 29. Rc3 Nd4 30. Rfc1 Nxb5 31. axb5 Rb8 32. Rxc7 Rxc7 33. Rxc7 Rxb5
34. d6 Rb1+ 35. Kf2 1-0

[Event "VII Weekend B"]
[Site "Padova ITA"]
[Date "2004.12.12"]
[Round "2"]
[White "Baldi, Giancarlo"]
[Black "Bassetto, Silvano"]
[Result "1-0"]
[WhiteElo "1853"]
[BlackElo "1535"]
[PlyCount "54"]
[EventDate "2004.12.11"]

1. Nf3 Nf6 2. d4 d5 3. e3 g6 4. Bd3 Bg7 5. Nbd2 O-O 6. b3 a6 7. c4 c6 8. Bb2
Nbd7 9. O-O Qc7 10. Rc1 Re8 11. Bb1 e6 12. h4 Qd6 13. c5 Qe7 14. b4 Bh6 15. Ne5
Nxe5 16. dxe5 Nd7 17. h5 Bg7 18. hxg6 fxg6 19. f4 Rf8 20. Qg4 Qe8 21. Nf3 b5
22. Ng5 Nf6 23. exf6 Bxf6 24. Bxf6 Rxf6 25. Qh4 Ra7 26. Nf3 Rf8 27. Ne5 Rg7 1-0

[Event "VII Weekend B"]
[Site "Padova ITA"]
[Date "2004.12.12"]
[Round "2"]
[White "Bellemo, Davide"]
[Black "Jimchi, Abdelaziz"]
[Result "1-0"]
[WhiteElo "1715"]
[BlackElo "1820"]
[PlyCount "91"]
[EventDate "2004.12.11"]

1. c4 Nf6 2. Nc3 g6 3. d3 Bg7 4. g3 O-O 5. Bg2 c6 6. e4 d6 7. Nge2 Bg4 8. h3
Bd7 9. O-O a5 10. Rb1 c5 11. e5 dxe5 12. Bxb7 Ra7 13. Bg2 Bc6 14. Be3 Bxg2 15.
Kxg2 Qb6 16. Na4 Qc6+ 17. Kh2 Na6 18. a3 Rd8 19. Qc2 Rad7 20. Rbd1 Bf8 21. Nec3
e6 22. Nb5 Qf3 23. Nac3 Nh5 24. Rfe1 f5 25. Bg5 Be7 26. Bxe7 Rxe7 27. Re3 Qb7
28. Rxe5 Qb8 29. Rde1 Ng7 30. Nd5 Rb7 31. Nf4 Rbd7 32. Nxe6 Nxe6 33. Rxe6 Rxd3
34. Qxd3 Rxd3 35. Re8+ Kf7 36. R1e7+ Kf6 37. Rxb8 Nxb8 38. Rxh7 Rd2 39. Kg2
Rxb2 40. Rb7 Rc2 41. Rxb8 Rxc4 42. Rb6+ Kg5 43. Nd6 Ra4 44. Nf7+ Kh5 45. Rb8 g5
46. Rb6 1-0

[Event "VII Weekend B"]
[Site "Padova ITA"]
[Date "2004.12.12"]
[Round "2"]
[White "Boscolo, Michele"]
[Black "Tomio, Dante"]
[Result "0-1"]
[WhiteElo "1711"]
[BlackElo "1876"]
[PlyCount "92"]
[EventDate "2004.12.11"]

1. d4 d5 2. c4 c6 3. e3 Nf6 4. Nc3 e6 5. Nf3 Bd6 6. Be2 Nbd7 7. O-O O-O 8. Bd2
dxc4 9. Bxc4 b5 10. Bd3 a6 11. Ne4 Be7 12. Rc1 Bb7 13. Nxf6+ Bxf6 14. Be4 Rc8
15. Rc2 g6 16. Qc1 Qb6 17. Bb4 Rfe8 18. Bc5 Qc7 19. g3 e5 20. dxe5 Nxe5 21.
Nxe5 Bxe5 22. Bg2 a5 23. Rd1 b4 24. Rcd2 Rcd8 25. Bh3 Rxd2 26. Rxd2 Rd8 27. Qd1
Rd5 28. Rxd5 cxd5 29. Bd4 Bxd4 30. exd4 Qc4 31. Qd2 Qxa2 32. Qf4 Qb1+ 33. Kg2
Qe4+ 34. Qxe4 dxe4 35. Bd7 e3+ 36. Kf1 Ba6+ 37. Ke1 e2 38. b3 h5 39. d5 Kg7 40.
d6 Kf6 41. Bc6 Ke6 42. d7 Ke7 43. Kd2 Kd8 44. Ba4 f6 45. Bc6 g5 46. f4 Bd3 0-1

[Event "VII Weekend B"]
[Site "Padova ITA"]
[Date "2004.12.12"]
[Round "2"]
[White "Castellano, Alfonso"]
[Black "Palumbo, Giuseppe"]
[Result "1-0"]
[WhiteElo "1881"]
[BlackElo "1652"]
[PlyCount "65"]
[EventDate "2004.12.11"]

1. c4 Nf6 2. Nc3 g6 3. g3 Bg7 4. Bg2 O-O 5. e4 e6 6. Nge2 d6 7. O-O c5 8. d4
cxd4 9. Nxd4 a6 10. Nc2 Qc7 11. Ne3 Nbd7 12. Qd2 Ne5 13. b3 Bh6 14. h3 Rd8 15.
f4 Nc6 16. Bb2 Nh5 17. Kh2 Bg7 18. Rad1 f5 19. exf5 gxf5 20. Ne2 Nf6 21. g4
fxg4 22. hxg4 Qf7 23. Ng3 Qg6 24. Qe2 Rb8 25. Bf3 Ne7 26. g5 e5 27. gxf6 exf4
28. Nh5 Qg5 29. Qg2 Qh4+ 30. Kg1 Ng6 31. Be4 Kf8 32. fxg7+ Ke7 33. Bf6+ 1-0

[Event "VII Weekend B"]
[Site "Padova ITA"]
[Date "2004.12.12"]
[Round "2"]
[White "Ceccherini, Paolo"]
[Black "Porta, Federico"]
[Result "0-1"]
[WhiteElo "1706"]
[BlackElo "1799"]
[PlyCount "82"]
[EventDate "2004.12.11"]

1. d4 Nf6 2. Nf3 d5 3. e3 c6 4. b3 Bf5 5. Bb2 e6 6. Ne5 Nbd7 7. f4 Ne4 8. g4
Qh4+ 9. Ke2 Qf2+ 10. Kd3 Nec5+ 11. Kc3 Qxe3+ 12. Bd3 Bxd3 13. cxd3 Ne4+ 14. Kc2
Nf2 15. Qe1 Qxe1 16. Rxe1 Nxe5 17. dxe5 Nxg4 18. Re2 g6 19. Nd2 O-O-O 20. Nf3
Nh6 21. Rg1 Nf5 22. Ng5 Rd7 23. Nf3 Bh6 24. Rg4 c5 25. h4 Bf8 26. Rgg2 h5 27.
Rh2 Bh6 28. Ng5 Bxg5 29. hxg5 Rc7 30. Kb1 c4 31. bxc4 dxc4 32. d4 Rd8 33. Re4
b5 34. Bc3 Rcd7 35. Rd2 Kb7 36. Rb2 Kc6 37. Rd2 Ne7 38. Bb4 Nd5 39. Bc5 a5 40.
Kc2 b4 41. Kb1 Nc3+ 0-1

[Event "VII Weekend B"]
[Site "Padova ITA"]
[Date "2004.12.12"]
[Round "2"]
[White "Cestonaro, Federico"]
[Black "Basset, Sergio"]
[Result "1/2-1/2"]
[WhiteElo "1535"]
[BlackElo "1790"]
[PlyCount "47"]
[EventDate "2004.12.11"]

1. d4 Nf6 2. c4 c5 3. d5 e6 4. Nc3 exd5 5. cxd5 Nxd5 6. Qxd5 d6 7. Nf3 Be7 8.
e4 Nc6 9. Be2 Be6 10. Qd2 O-O 11. O-O f5 12. exf5 Bxf5 13. Qd5+ Kh8 14. Bf4 Bg6
15. Be3 Qc7 16. Rfd1 Nb4 17. Qd2 Rad8 18. Bg5 Bf6 19. Bxf6 Rxf6 20. a3 Nc6 21.
Bd3 Re8 22. Bxg6 Rxg6 23. Re1 Rge6 24. Rxe6 1/2-1/2

[Event "VII Weekend B"]
[Site "Padova ITA"]
[Date "2004.12.12"]
[Round "2"]
[White "Colusso, Enrico"]
[Black "Pomaro, Alberto"]
[Result "1/2-1/2"]
[WhiteElo "1691"]
[BlackElo "1697"]
[PlyCount "91"]
[EventDate "2004.12.11"]

1. e4 e6 2. d4 d5 3. Nc3 Bb4 4. e5 c5 5. a3 Bxc3+ 6. bxc3 Ne7 7. Qg4 Nbc6 8.
Bb5 cxd4 9. Bxc6+ bxc6 10. cxd4 Nf5 11. Ne2 Ba6 12. c3 Qa5 13. Bd2 Qb5 14. Nf4
Kd7 15. Qd1 Rab8 16. f3 Rb7 17. Kf2 Qc4 18. Re1 Rhb8 19. g4 Rb2 20. Kg1 Nh4 21.
Re3 g5 22. Nd3 R2b6 23. Nc5+ Ke7 24. Kf2 Ng6 25. Nxa6 Qxa6 26. Rd3 Rb2 27. Kg3
h6 28. Bc1 R2b3 29. Qc2 Qa4 30. Rb1 Qc4 31. Rxb3 Rxb3 32. h3 c5 33. dxc5 Qxc5
34. Be3 Qb5 35. Bxa7 Qa4 36. Bc5+ Kd7 37. Rd4 Qb5 38. Bb4 Qa4 39. Bc5 Qb5 40.
Bb4 Qa4 41. Bc5 Qb5 42. Bb4 Qf1 43. Rd1 Qc4 44. Rd4 Qf1 45. Rd1 Qc4 46. Rd4
1/2-1/2

[Event "VII Weekend B"]
[Site "Padova ITA"]
[Date "2004.12.12"]
[Round "2"]
[White "Frascati, Francesco"]
[Black "Quaranta, Gaetano"]
[Result "1/2-1/2"]
[WhiteElo "1502"]
[BlackElo "1700"]
[PlyCount "87"]
[EventDate "2004.12.11"]

1. e4 e5 2. Nf3 Nc6 3. Bc4 Nf6 4. d3 d6 5. Bg5 Be7 6. Nc3 O-O 7. O-O Bg4 8. h3
Be6 9. Bxe6 fxe6 10. Ne2 d5 11. Ng3 h6 12. Bxf6 Bxf6 13. Re1 Qe7 14. c3 Rad8
15. Qb3 Na5 16. Qa4 b6 17. b4 Nb7 18. Qxa7 Nd6 19. Qa4 d4 20. c4 Ra8 21. Qc2
Ra3 22. Rec1 Nf7 23. c5 bxc5 24. bxc5 Rc3 25. Qb2 Rxc5 26. Rxc5 Qxc5 27. Rc1
Qd6 28. Qb7 Qa3 29. Rxc7 Qxa2 30. Qb5 Nd6 31. Qd7 Rd8 32. Qc6 Qb1+ 33. Kh2 Qxd3
34. Rd7 Qa3 35. Nh5 Rxd7 36. Qxd7 Nxe4 37. Qxe6+ Kf8 38. Qc8+ Kf7 39. Qb7+ Kg6
40. Nxf6 Nxf6 41. Nxe5+ Kh7 42. Qb1+ Kg8 43. Qb8+ Kh7 44. Qb1+ 1/2-1/2

[Event "VII Weekend B"]
[Site "Padova ITA"]
[Date "2004.12.12"]
[Round "2"]
[White "Gualazzi, Paolo"]
[Black "Zanirato, Stefano"]
[Result "1-0"]
[WhiteElo "1697"]
[BlackElo "1786"]
[PlyCount "61"]
[EventDate "2004.12.11"]

1. d4 d5 2. c4 Nf6 3. cxd5 Nxd5 4. e4 Nf6 5. Nc3 e6 6. a3 a6 7. Nf3 Be7 8. Bd3
h6 9. O-O O-O 10. Be3 Ng4 11. Bf4 g5 12. Bd2 e5 13. Nd5 Bd6 14. h3 c6 15. Ne3
Nxe3 16. fxe3 g4 17. hxg4 Bxg4 18. Be2 Bxf3 19. Bxf3 Qh4 20. Be1 Qg5 21. Qe2
Nd7 22. Bg4 Nf6 23. Bf5 h5 24. Rf3 Kh8 25. Rh3 Rg8 26. Bh4 Qh6 27. Bxf6+ Qxf6
28. Rxh5+ Kg7 29. Rf1 Qe7 30. Rh7+ Kf8 31. Qh5 1-0

[Event "VII Weekend B"]
[Site "Padova ITA"]
[Date "2004.12.12"]
[Round "2"]
[White "Maniero, Riccardo"]
[Black "Carraro, Antonio"]
[Result "1-0"]
[WhiteElo "1862"]
[BlackElo "1613"]
[PlyCount "63"]
[EventDate "2004.12.11"]

1. e4 c5 2. f4 d6 3. Nf3 Nc6 4. Bb5 Bd7 5. O-O Nf6 6. d3 g6 7. Nc3 Bg7 8. Qe1
O-O 9. Bxc6 Bxc6 10. Qh4 e6 11. f5 Nd7 12. Qh3 exf5 13. exf5 Bxf3 14. Rxf3 Ne5
15. Rf1 gxf5 16. Bh6 Qf6 17. Bxg7 Qxg7 18. Rxf5 Qg4 19. Qxg4+ Nxg4 20. Rg5+ Kh8
21. Rxg4 f5 22. Rf4 Kg7 23. Raf1 Kg6 24. g4 h6 25. Rxf5 Rxf5 26. Rxf5 Re8 27.
Kf2 Re5 28. Rxe5 dxe5 29. Kf3 h5 30. h3 hxg4+ 31. hxg4 a6 32. Na4 1-0

[Event "VII Weekend B"]
[Site "Padova ITA"]
[Date "2004.12.12"]
[Round "2"]
[White "Mosca, Giulia"]
[Black "Canazza, Alessandro"]
[Result "0-1"]
[WhiteElo "1590"]
[BlackElo "1775"]
[PlyCount "40"]
[EventDate "2004.12.11"]

1. e4 g6 2. d4 Bg7 3. Nc3 d6 4. Be3 c6 5. Bd3 Nd7 6. Nge2 b5 7. a3 a6 8. Qd2
Qc7 9. O-O Bb7 10. Rac1 Ngf6 11. Bh6 O-O 12. Bxg7 Kxg7 13. Rfe1 c5 14. dxc5
dxc5 15. Ng3 Rad8 16. Qe3 Ne5 17. Rcd1 h5 18. f4 Neg4 19. Qf3 c4 20. Bf1 Qc5+
0-1

[Event "VII Weekend B"]
[Site "Padova ITA"]
[Date "2004.12.12"]
[Round "2"]
[White "Nagliati, Paolo"]
[Black "Menini, Luca"]
[Result "1-0"]
[WhiteElo "1829"]
[BlackElo "1715"]
[PlyCount "113"]
[EventDate "2004.12.11"]

1. e4 e6 2. d4 d5 3. e5 c5 4. c3 Nc6 5. Nf3 Bd7 6. dxc5 Bxc5 7. b4 Bf8 8. b5
Na5 9. a4 Ne7 10. Bd3 Ng6 11. O-O Qc7 12. Re1 Bc5 13. h4 Be7 14. h5 Nf8 15. Bf4
h6 16. Qe2 Nh7 17. Nfd2 b6 18. Qg4 Ng5 19. Bg3 Nb7 20. f4 Nc5 21. Bc2 Nge4 22.
Nxe4 Nxe4 23. Bxe4 dxe4 24. Rxe4 O-O 25. Qe2 Rac8 26. Bf2 f5 27. Re3 Qc4 28.
Qxc4 Rxc4 29. Rf3 Be8 30. Nd2 Rc8 31. Rh3 Bf7 32. Nb3 Rfd8 33. Nd4 Bc5 34. Kh2
Bxd4 35. Bxd4 Rc4 36. a5 Be8 37. axb6 axb6 38. Bxb6 Rb8 39. Bd4 Rxb5 40. Ra7
Bc6 41. Rg3 Rb7 42. Rxb7 Bxb7 43. Rg6 Kf7 44. g4 fxg4 45. f5 exf5 46. e6+ Kf8
47. Rxg7 Rxd4 48. Rf7+ Ke8 49. cxd4 Bd5 50. Rf6 Ke7 51. Rxh6 f4 52. Rg6 g3+ 53.
Kg1 f3 54. Rxg3 Kxe6 55. h6 Be4 56. Kf2 Kd5 57. Rxf3 1-0

[Event "VII Weekend B"]
[Site "Padova ITA"]
[Date "2004.12.12"]
[Round "2"]
[White "Negro, Raffaele"]
[Black "Cipolotti, Piersilvio"]
[Result "1-0"]
[WhiteElo "1775"]
[BlackElo "1679"]
[PlyCount "85"]
[EventDate "2004.12.11"]

1. d4 Nc6 2. Nf3 d5 3. Nbd2 Bg4 4. c3 e6 5. e3 a6 6. Bd3 Nf6 7. O-O Bd6 8. Re1
O-O 9. e4 dxe4 10. Nxe4 Be7 11. Nxf6+ Bxf6 12. Qe2 Ne7 13. h3 Bf5 14. Bc4 Nd5
15. g4 Bg6 16. Ne5 Bxe5 17. Qxe5 c6 18. Bb3 Qc7 19. Qe2 Rad8 20. Bd2 Rfe8 21.
Rad1 Nf4 22. Qf3 Nd5 23. c4 Ne7 24. Bf4 Qa5 25. Qe3 Qb6 26. h4 h5 27. f3 Kh8
28. Be5 Ng8 29. gxh5 Bh7 30. h6 f6 31. hxg7+ Kxg7 32. Qg5+ Kf7 33. Qf4 Rd7 34.
c5 Qd8 35. Bd6 b5 36. Qg4 f5 37. Qf4 Nf6 38. Qg5 Nd5 39. Bxd5 exd5 40. Qh6 Bg6
41. Rxe8 Qxe8 42. h5 Rxd6 43. cxd6 1-0